000 00878nam a2200217 a 4500
001 BRCA_861
005 20190320203201.0
008 000927s2000 sp-a---##b---#001-0#spa-#
020 _a8495146401
040 _aDLC
_cDLC
050 4 _aDP178
_b.A78 2000
245 1 0 _aEl arte de la plata y de las joyas en la España de Carlos V.
260 _aMadrid
_bSociedad Estatal para la Conmemoración de los Centenarios de Felipe II y Carlos V
_c2000
300 _a323 p.
_bil.
_c29 cm.
500 _aIncluye índice onomástico e índice topográfico
500 _aCatálogo de la exposición realizada en el Palacio Municipal de Exposiciones ´Kiosko Alfonso´, La Coruña, 6 julio - 17 septiembre, 2000
504 _aBibliografía: p. 281-291
650 1 4 _aTrabajo de plata
_vExposiciones
_ySiglo XVI
_zEspaña
_92873
650 1 4 _aPlata
_vExposiciones
_zEspaña
_92874
942 _2lcc
_cB
999 _c756
_d756